| 000 | 00584nam a2200181 i 4500 | ||
|---|---|---|---|
| 001 | 64484 | ||
| 003 | ES-MaACL | ||
| 005 | 20230906165135.0 | ||
| 007 | t| | ||
| 008 | 031224s1914 sp ||||1| spa d | ||
| 100 | 1 |
_aFont, D. P. _951539 |
|
| 245 | 1 | 0 |
_aVillarrealenses ilustres _b: apuntes bio-bibliográficos / _cpor D.P. Font. |
| 260 |
_aMadrid : _b[s.n.], _c1914 ( _fImp. La Editora) |
||
| 300 |
_a32 p. ; _c17 cm. |
||
| 650 | 4 |
_aVillarrealenses- _xBiografías. _9156835 |
|
| 650 | 4 |
_aEscritores españoles- _zVila-real- _vBiobibliografías. _9156836 |
|
| 852 |
_aES-MaACL _jT-1388-F-2 |
||
| 999 |
_c64484 _d64484 |
||